| 000 | 00000nam##2200000za#4500 |
| 001 | 9.699761 |
| 003 | CaOODSP |
| 005 | 20210625000528 |
| 007 | cr ||||||||||| |
| 008 | 150407|1994||||xxc|||||o f|0| 0 eng|d |
| 040 | |aCaOODSP|beng |
| 043 | |an-cn--- |
| 086 | 1 |aCP32-60/1994E-PDF |
| 110 | 1 |aCanada. |bPrivy Council Office. |
| 245 | 10|aAdvancing safety - Canadian Transportation Accident Investigation and Safety Board Act Review Commission / |h[electronic resource]|c[Published by the] Canadian Transportation Accident Investigation and Safety Board Act Review Commission ; Louis D. Hyndman, chairman. |
| 260 | |aOttawa - Ontario : |bPrivy Council Office |cc1994. |
| 300 | |a142, 119p.|bfigs., glossary, graphs, organization charts, tables |
| 500 | |aHistorical publication digitized in 2010 by the Privy Council Office of Canada. |
| 590 | |a15-04-Supp|b2015-03-19 |
| 690 | 07|aCommissions of inquiry|2gcpds |
| 690 | 07|aTransportation safety|2gcpds |
| 775 | 08|tMission sécurité - Commission d'examen de la Loi sur le Bureau canadien d'enquête sur les accidents de transport et de la sécurité des transports |w(CaOODSP)9.643738 |
| 776 | 0#|tAdvancing safety |w(CaOODSP)9.645444 |
| 856 | 40|ahttp://publications.gc.ca|qPDF|s6.03 MB|uhttps://publications.gc.ca/collections/collection_2014/bcp-pco/CP32-60-1994-2-eng.pdf |
| 856 | 40|ahttp://publications.gc.ca|qPDF|s8.24 MB|uhttps://publications.gc.ca/collections/collection_2014/bcp-pco/CP32-60-1994-1-eng.pdf |